00777cac a2200205 4500008004100000020001500041035001200056050002400068100003300092245015100125250001100276260004700287300002800334440003200362504003900394504002100433650003300454650003400487700005000521090511s2001 sp 000 0 spa u a8476986084 aa48104504aKKT846.5 bI55 20011 aÍñigo Corroza, Ma. Elena13aLa responsabilidad penal del fabricante por defectos de sus productos /cMa. Elena Íñigo Corroza; prólogo de Jesús-María Silva Sánchez a1a ed. aBarcelona, España :bJ. M. Bosch, c2001 a389 páginas ;c24 cm. 0aBiblioteca de derecho penal aBibliografía : páginas 367-384 aIncluye índice 7aResponsabilidad penal 2Lemb 7aProducción xControl 2Lemb1 aSilva Sánchez, Jesús-María, eprólogo